00000000nam 2200000zi 4500
0019.951243
003CaOODSP
00520250721151341
006m     o  d f      
007cr cn|||||||||
008250521t20252025qucab   obs  f000 0 eng d
020 |a9780660773643
040 |aCaOODSP|beng|erda|cCaOODSP
043 |an-cn---
0861 |aEn4-144/67-2025E-PDF
24500|aCanadian environmental sustainability indicators : |bextent of Canada's wetlands.
24613|aExtent of Canada's wetlands
264 1|aGatineau QC : |bEnvironment and Climate Change Canada = Environnement et changement climatique Canada, |c2025.
264 4|c©2025
300 |a1 online resource (26 pages) : |billustrations, maps
336 |atext|btxt|2rdacontent
337 |acomputer|bc|2rdamedia
338 |aonline resource|bcr|2rdacarrier
500 |aCover title.
500 |aIssued also in French under title: Indicateurs canadiens de durabilité de l'environnement : étendue des milieux humides au Canada.
500 |a"June 2025."
504 |aIncludes bibliographical references (page 12).
520 |a"Wetlands are among the most important ecosystems on the planet. They provide vital habitats for wildlife, filter pollutants, offer flood protection and drought mitigation, absorb and store carbon, and are important cultural sites for many Canadian communities. Wetlands are also one of the Earth's most endangered ecosystem types. This indicator reports the current known extent or area of land in Canada covered by wetlands and establishes a baseline to measure future changes over time in Canada's wetland extent"--Extent of Canada's wetlands, page 5.
650 0|aWetlands|xMonitoring|zCanada.
650 0|aEnvironmental indicators|zCanada.
655 7|aStatistics|2lcgft
7101 |aCanada. |bEnvironment and Climate Change Canada, |eissuing body.
77508|tIndicateurs canadiens de durabilité de l'environnement : |w(CaOODSP)9.951246
795 |tExtent of Canada's wetlands |bJuly 2016|w(CaOODSP)9.816907
85640|qPDF|s1.31 MB|uhttps://publications.gc.ca/collections/collection_2025/eccc/en4/En4-144-67-2025-eng.pdf
8564 |qHTML|sN/A|uhttps://www.canada.ca/en/environment-climate-change/services/environmental-indicators/extent-wetlands.html
986 |aEC25115